| 000 | 00802nam a2200181Ia 4500 | ||
|---|---|---|---|
| 008 | 151202s9999||||xx |||||||||||||| ||und|| | ||
| 082 | _bPNVM-43815 | ||
| 100 | _aनगर्सेकर सुरेश/नगर्सेकर अमिता. | ||
| 245 | _aफुलाव्दारे रोगनिवारण. | ||
| 260 | _b"मनोरमा प्रकाशन,मुंबई." | ||
| 260 | _c2001 | ||
| 300 | _a192 | ||
| 600 | _aनगर्सेकर सुरेश/नगर्सेकर अमिता. | ||
| 630 | _aफुलाव्दारे रोगनिवारण. | ||
| 700 | _aनगर्सेकर सुरेश/नगर्सेकर अमिता. | ||
| 730 | _aफुलाव्दारे रोगनिवारण. | ||
| 942 | _cBOOK | ||
| 999 |
_c1309767 _d1309764 |
||